000 00755nam a2200229 4500
003 OSt
005 20240624023804.0
006 a
008 240624b |||||||| |||| 00| 0 eng d
020 _a9780470874387
040 _aDWCL-Main lib.
_cOC
082 _aCirc. 332.45 M622a 2011
100 _aMichalowski, Greg
245 _aAttacking currency trends: how to anticipate and trade big moves in forex market /
260 _aN.J. :
_bJohn Wiley & Sons,
_cc2011.
300 _axi,
_b287p.;ill.;
_c24 cm.
504 _aIncludes index.
650 _a1. Foreign exchange market-Handbook manuals, etc.
650 _a2. Investments-Handbooks manuals, etc.
650 _a3. Foreign exchange-Handbooks, manuals, etc.
942 _2ddc
_n0
_cBK-CIRC
_kCirc.
999 _c1189
_d1189